000 00450nam a2200157 a 4500
001 000043904
005 20201002045034.0
008 140508s1964 sp ac 000 0 spa d
040 _aDO-SdBNP
_bspa
_cBNPHU
100 1 _aRomeu, Luis V.
_971799
245 1 0 _aDiálogos de la Cristiandad /
_cencuesta porLuis V. Romeu.
260 _aSalamanca :
_bSígueme,
_c1964.
300 _a401 p. :
_b20 cm.
490 1 _aHINNENI
_v33
830 0 _aHINNENI
_v33
_971800
999 _c43393
_d43393